Statistics for Amusement Parks - UK

Click here to take the quiz!

General Stats

  • This quiz has been taken 13 times
  • The average score is 13 of 54

Answer Stats

LocationAmusement Park% Correct
StaffordshireAlton Towers
100%
Kirkby MispertonFlamingo Land Resort
100%
SurreyThorpe Park
89%
BlackpoolBlackpool Pleasure Beach
78%
WindsorLegoland Windsor
78%
Southend-on-SeaAdventure Island
56%
WarringtonGulliver's World
56%
StaffordshireDrayton Manor Theme Park
44%
HelstonFlambards Theme Park
44%
North YorkshireLightwater Valley
44%
Motherwell, ScotlandM&Ds, Scotland's Theme Park
44%
Pembrokeshire, WalesOakwood Theme Park
44%
HampshirePaultons Family Theme Park
44%
Blackgang, Isle of WightBlackgang Chine
33%
Lancashire (N)Camelot Theme Park
33%
Greater LondonChessington World of Adventures
33%
IngoldmellsFantasy Island
33%
Hayling IslandFunland
33%
DerbyshireGulliver's Kingdom
33%
SouthportSouthport Pleasureland
33%
BreanBrean Leisure Park
22%
WakebridgeCamel Creek Adventure Park
22%
4 In:
West Yorkshire
Devon
County Durham
Kent
Diggerland
22%
Milton KeynesGulliver's Land
22%
Lincolnshire (N)Pleasure Island Theme Park
22%
WorcestershireWest Midland Safari Park
22%
LincolnshireBotton's Pleasure Beach
11%
PortsmouthClarence Pier
11%
Porthcawl, WalesConey Beach Pleasure Park
11%
KentDreamland Margate
11%
NorfolkGreat Yarmouth Pleasure Beach
11%
NorfolkJoyland
11%
SuffolkPleasurewood Hills
11%
Derbyshire (N)The American Adventure
11%
DevonThe Milky Way
11%
BournemouthAdventure Wonderland
0%
County Antrim, Northern IrelandBarry's Amusement
0%
NorthamptonBilling Aquadome
0%
Aberdeen, ScotlandCodonas Amusement Park
0%
ExeterCrealy Great Adventure Parks
0%
DevonDingles Fairground Heritage Centre
0%
Morcambe (N)Fronteirland Family Theme Park
0%
RotherhamGulliver's Valley
0%
West SussexHarbour Park
0%
CornwallHidden Valley Discovery Park
0%
HampshireHollycombe Steam Collection
0%
Scottish HighlandsLandmark Forest Adventure Park
0%
Ayr, Scotland (N)Loudoun Castle
0%
Isle of WightRobin Hill
0%
DevonThe Big Sheep
0%
LeicestershireTwinlakes Theme Park
0%
NottinghamshireWheelgate Park
0%
NorthamptonshireWicksteed Park
0%
DevonWoodlands Family Theme Park
0%

Score Distribution

Percentile by Number Answered

Percent of People with Each Score

Your Score History

You have not taken this quiz